Storie Di Diavoli I mammut

সংরক্ষণ করুন:
গ্রন্থ-পঞ্জীর বিবরন
প্রধান লেখক: Gianni Pilo
বিন্যাস: গ্রন্থ
ভাষা:অজানা বা ভুল ভাষা
প্রকাশিত: Grandi Tascabili Economici Newton
ট্যাগগুলো: ট্যাগ যুক্ত করুন
কোনো ট্যাগ নেই, প্রথমজন হিসাবে ট্যাগ করুন!

MARC

LEADER 00000nam a2200000Ia 4500
001 R-430
003 CODICE-MESSINA
005 20260212102451.0
008 260211s9999 xx 000 0 und d
040 |c importazione_messina 
100 |a Gianni Pilo 
245 0 |a Storie Di Diavoli 
245 0 |b I mammut 
260 |b Grandi Tascabili Economici Newton 
942 |2 ddc  |c BK 
952 |0 0  |1 0  |2 ddc  |4 0  |6 SCAFFALE_2_000000000000000__ROMANZI  |7 0  |9 31250  |a ME  |b ME  |d 2026-02-11  |l 0  |o SCAFFALE 2 - ROMANZI  |p R-430  |r 2026-02-11 23:52:25  |w 2026-02-11  |x [REVISIONARE]  |y BK 
999 |c 26914  |d 26914